| 000 | 00619nas a2200145 a 4500 | ||
|---|---|---|---|
| 008 | 111107c19829999||||||||||||||||| || u | ||
| 050 | _aRK 270 DEN | ||
| 245 | 0 | 0 | _aDental radiography and photography |
| 260 |
_aNew York: _bEastman Kodak Company _c1982 |
||
| 300 | _avariant pagings | ||
| 350 | _a0.00 | ||
| 362 | 1 | _a<p>Vol. 54, NOs 2, 3, 4, 1981: Vol. 55, Nos 1-3, 1982: Vol. 56, No. 1, 1983</p> | |
| 650 | _aTEETH--RADIOGRAPHY--PERIODICALS | ||
| 995 |
_aMEDICAL LIBRARY OPEN ACCESS _e753 _FCBU-SCHOOL OF MEDICINE LIBRARY (Ndola) _I0.00 _jRK 270 DEN _M1 _UAVAILABLE _WJul 15, 2013 _yB753 _ZMedical Library Open Access Collection |
||
| 999 |
_c31236 _d31236 |
||